It looks like you're offline.
Open Library logo
additional options menu

MARC Record from Library of Congress

Record ID marc_loc_2016/BooksAll.2016.part24.utf8:125353966:737
Source Library of Congress
Download Link /show-records/marc_loc_2016/BooksAll.2016.part24.utf8:125353966:737?format=raw

LEADER: 00737cam a2200229 a 4500
001 95046354
003 DLC
005 20120908081642.0
008 951016s1996 caua bc 001 0 eng
010 $a 95046354
020 $a0811808165 (pb)
040 $aDLC$cDLC$dDLC
043 $an-us---
050 00 $aNC975$b.H396 1996
082 00 $a741.6/52/09041$220
100 1 $aHeller, Steven.
245 10 $aCover story :$bthe art of American magazine covers 1900-1950 /$cSteven Heller & Louise Fili.
260 $aSan Francisco :$bChronicle Books,$c1996.
300 $a144 p. :$bcol. ill. ;$c28 cm.
504 $aIncludes bibliographical references (p. 144) and index.
650 0 $aMagazine covers$zUnited States$vCatalogs.
700 1 $aFili, Louise.